Statistics for Can you name every bug type Pokémon? Version II

Click here to take the quiz!

General Stats

  • This quiz has been taken 10 times
    (8 since last reset)
  • The average score is 96 of 117

Answer Stats

Pokédex NumberTypesPokémon% Correct
#168Bug/PoisonAriados
100%
#267Bug/FlyingBeautifly
100%
#015Bug/PoisonBeedrill
100%
#012Bug/FlyingButterfree
100%
#268BugCascoon
100%
#010BugCaterpie
100%
#415Bug/FlyingCombee
100%
#269Bug/PoisonDustox
100%
#214Bug/FightingHeracross
100%
#014Bug/PoisonKakuna
100%
#636Bug/FireLarvesta
100%
#166Bug/FlyingLedian
100%
#165Bug/FlyingLedyba
100%
#284Bug/FlyingMasquerain
100%
#011BugMetapod
100%
#414Bug/FlyingMothim
100%
#826Bug/PsychicOrbeetle
100%
#046Bug/GrassParas
100%
#047Bug/GrassParasect
100%
#127BugPinsir
100%
#212Bug/SteelScizor
100%
#123Bug/FlyingScyther
100%
#266BugSilcoon
100%
#167Bug/PoisonSpinarak
100%
#283Bug/WaterSurskit
100%
#049Bug/PoisonVenomoth
100%
#048Bug/PoisonVenonat
100%
#416Bug/FlyingVespiquen
100%
#013Bug/PoisonWeedle
100%
#265BugWurmple
100%
#617BugAccelgor
88%
#347Rock/BugAnorith
88%
#752Water/BugAraquanid
88%
#348Rock/BugArmaldo
88%
#824BugBlipbug
88%
#737Bug/ElectricCharjabug
88%
#558Bug/RockCrustle
88%
#742Bug/FairyCutiefly
88%
#751Water/BugDewpider
88%
#825Bug/PsychicDottler
88%
#557Bug/RockDwebble
88%
#589Bug/SteelEscavalier
88%
#205Bug/SteelForretress
88%
#873Ice/BugFrosmoth
88%
#596Bug/ElectricGalvantula
88%
#649Bug/SteelGenesect
88%
#768Bug/WaterGolisopod
88%
#736BugGrubbin
88%
#314BugIllumise
88%
#595Bug/ElectricJoltik
88%
#588BugKarrablast
88%
#401BugKricketot
88%
#402BugKricketune
88%
#542Bug/GrassLeavanny
88%
#015Bug/PoisonMega Beedrill
88%
#214Bug/FightingMega Heracross
88%
#127Bug/FlyingMega Pinsir
88%
#212Bug/SteelMega Scizor
88%
#290Bug/GroundNincada
88%
#291Bug/FlyingNinjask
88%
#204BugPineco
88%
#743Bug/FairyRibombee
88%
#545Bug/PoisonScolipede
88%
#540Bug/GrassSewaddle
88%
#292Bug/GhostShedinja
88%
#616BugShelmet
88%
#213Bug/RockShuckle
88%
#872Ice/BugSnom
88%
#665BugSpewpa
88%
#541Bug/GrassSwadloon
88%
#543Bug/PoisonVenipede
88%
#738Bug/ElectricVikavolt
88%
#313BugVolbeat
88%
#637Bug/FireVolcarona
88%
#544Bug/PoisonWhirlipede
88%
#767Bug/WaterWimpod
88%
#193Bug/FlyingYanma
88%
#469Bug/FlyingYanmega
88%
#794Bug/FightingBuzzwole
75%
#851Fire/BugCentiskorch
75%
#632Bug/SteelDurant
75%
#795Bug/FightingPheromosa
75%
#664BugScatterbug
75%
#850Fire/BugSizzlipede
75%
#451Poison/BugSkorupi
75%
#412BugBurmy (Plant Cloak)
63%
#412BugBurmy (Sandy Cloak)
63%
#412BugBurmy (Trash Cloak)
63%
#666Bug/FlyingVivillon (Archipelago Pattern)
63%
#666Bug/FlyingVivillon (Continental Pattern)
63%
#666Bug/FlyingVivillon (Elegant Pattern)
63%
#666Bug/FlyingVivillon (Fancy Pattern)
63%
#666Bug/FlyingVivillon (Garden Pattern)
63%
#666Bug/FlyingVivillon (High Plains Pattern)
63%
#666Bug/FlyingVivillon (Icy Snow Pattern)
63%
#666Bug/FlyingVivillon (Jungle Pattern)
63%
#666Bug/FlyingVivillon (Marine Pattern)
63%
#666Bug/FlyingVivillon (Monsoon Pattern)
63%
#666Bug/FlyingVivillon (Ocean Pattern)
63%
#666Bug/FlyingVivillon (Poké Ball Pattern)
63%
#666Bug/FlyingVivillon (River Pattern)
63%
#666Bug/FlyingVivillon (Sandstorm Pattern)
63%
#666Bug/FlyingVivillon (Savanna Pattern)
63%
#666Bug/FlyingVivillon (Sun Pattern)
63%
#413Bug/GrassWormadam (Plant Cloak)
63%
#413Bug/GroundWormadam (Sandy Cloak)
63%
#413Bug/SteelWormadam (Trash Cloak)
63%
#493BugArceus (Insect Plate)
50%
#649Bug/SteelGenesect (Burn Drive)
50%
#649Bug/SteelGenesect (Chill Drive)
50%
#649Bug/SteelGenesect (Douse Drive)
50%
#649Bug/SteelGenesect (Shock Drive)
50%
#773BugSilvally (Bug Memory)
50%
#666Bug/FlyingVivillon (Meadow Pattern)
50%
#666Bug/FlyingVivillon (Modern pattern)
50%
#666Bug/FlyingVivillon (Polar Pattern)
50%
#666Bug/FlyingVivillon (Tundra Pattern)
50%

Score Distribution

Percentile by Number Answered

Percent of People with Each Score

Your Score History

You have not taken this quiz since the last reset